[Event "7mo Continental de las Americas - 2012"]
[Site "Complejo Hotel Provincial - S"]
[Date "2012.10.12"]
[Round "1.2"]
[White "Martinez De Negri, Gonzalo"]
[Black "Granda Zuniga, Julio E"]
[Result "0-1"]
[WhiteElo "2123"]
[BlackElo "2647"]
[PlyCount "102"]
[EventDate "2012.10.12"]

1. e4 c5 2. Nf3 e6 3. d4 cxd4 4. Nxd4 Nf6 5. Nc3 d6 6. Bc4 Be7 7. Be3 O-O 8.
Bb3 Na6 9. g4 Nc5 10. Qf3 Bd7 11. g5 Ne8 12. h4 Nc7 13. Qg2 b5 14. h5 a5 15. a3
b4 16. Nce2 d5 17. e5 bxa3 18. bxa3 Nb5 19. g6 Qc7 20. Nf3 Be8 21. gxh7+ Kxh7
22. Rg1 Rg8 23. a4 Nc3 24. Ned4 N3e4 25. Rc1 Rc8 26. Qg4 Qb7 27. Kf1 Qa6+ 28.
Ne2 Kh8 29. Nfd4 Bxa4 30. Bxa4 Nxa4 31. f3 Nec3 32. Kf2 Nxe2 33. Nxe2 Rc4 34.
Bd4 Bc5 35. h6 g5 36. Rgd1 Qb6 37. c3 Nb2 38. Rd2 a4 39. f4 a3 40. fxg5 Qd8 41.
Rg1 Be7 42. Qf3 Bxg5 43. Rc2 Bh4+ 44. Kf1 a2 45. Rc1 Ra4 46. Ra1 Nc4 47. Qd3
Rg5 48. Nc1 Nxe5 49. Qe3 Rxd4 50. cxd4 Qf6+ 51. Ke2 Nc4 0-1

[Event "7mo Continental de las Americas - 2012"]
[Site "Complejo Hotel Provincial - S"]
[Date "2012.10.12"]
[Round "1.48"]
[White "Bianchi, Augusto"]
[Black "Vasta, Eduardo"]
[Result "1-0"]
[WhiteElo "1903"]
[BlackElo "2307"]
[PlyCount "77"]
[EventDate "2012.10.12"]

1. e4 e5 2. Nf3 Nc6 3. d4 exd4 4. Nxd4 Bc5 5. Be3 Qf6 6. Nb5 Bxe3 7. fxe3 Qd8
8. Qg4 g6 9. Qf4 d6 10. Bc4 Ne5 11. O-O Qe7 12. N1c3 Be6 13. Bxe6 fxe6 14.
Nxc7+ Qxc7 15. Qf8+ Kd7 16. Qxa8 Qc8 17. Qxc8+ Kxc8 18. Rf8+ Kc7 19. Nb5+ Kc6
20. Nd4+ Kd7 21. Raf1 Ke7 22. Rb8 Nd7 23. Rxb7 Ngf6 24. Rxf6 Kxf6 25. Rxd7 Ke5
26. Kf2 Kxe4 27. Rxd6 e5 28. Nf3 Rc8 29. c4 Kf5 30. b3 g5 31. Rd7 g4 32. Nd2 h5
33. Rxa7 Rd8 34. e4+ Kg5 35. Ke3 Kh4 36. c5 Rg8 37. c6 Rg6 38. c7 Rc6 39. Nc4
1-0

[Event "7mo Continental de las Americas - 2012"]
[Site "Complejo Hotel Provincial - S"]
[Date "2012.10.13"]
[Round "2.21"]
[White "Ferro, Ezequiel"]
[Black "Tristan, Leonardo"]
[Result "0-1"]
[WhiteElo "2214"]
[BlackElo "2442"]
[PlyCount "59"]
[EventDate "2012.10.12"]

1. d4 Nf6 2. c4 e6 3. Nc3 Bb4 4. e3 O-O 5. Nge2 Re8 6. a3 Bf8 7. d5 d6 8. g3
Nbd7 9. dxe6 Rxe6 10. Bg2 Ne5 11. b3 Re8 12. O-O g6 13. h3 Bg7 14. Ra2 a5 15.
Rd2 Nfd7 16. f4 Nc6 17. e4 Nc5 18. e5 a4 19. Nxa4 Nxa4 20. bxa4 Qe7 21. exd6
cxd6 22. Rf3 Na5 23. Qc2 Bf5 24. Qa2 Rac8 25. Nd4 Rxc4 26. Nxf5 Rxc1+ 27. Kh2
gxf5 28. Qd5 Nc4 29. Rdd3 Rc2 30. Qb5 0-1

[Event "7mo Continental de las Americas - 2012"]
[Site "Complejo Hotel Provincial - S"]
[Date "2012.10.13"]
[Round "2.68"]
[White "Benedetti, Julio"]
[Black "Brizzi, Milagros Tatiana"]
[Result "1-0"]
[WhiteElo "2117"]
[BlackElo "1839"]
[PlyCount "89"]
[EventDate "2012.10.12"]

1. e4 c5 2. c3 e6 3. Nf3 Nf6 4. e5 Nd5 5. d4 cxd4 6. Qxd4 Nc6 7. Qg4 f5 8. Qg3
Qc7 9. Na3 f4 10. Bxf4 Bxa3 11. bxa3 Nxf4 12. Qxf4 Qa5 13. Rc1 Rf8 14. Qe3 b6
15. Bd3 Ba6 16. O-O Bxd3 17. Qxd3 Nxe5 18. Nxe5 Qxe5 19. Qxh7 O-O-O 20. Qd3 Rh8
21. h3 g5 22. c4 d6 23. Rfe1 Qf4 24. Rcd1 e5 25. Qd5 Kb8 26. a4 Rhf8 27. Rd2
Kc7 28. a5 Qf7 29. Qd3 Qf6 30. a4 Ra8 31. Re3 bxa5 32. Qd5 Rfb8 33. Qxa5+ Rb6
34. c5 dxc5 35. Qxc5+ Rc6 36. Qa5+ Kb7 37. Rxe5 Rc1+ 38. Kh2 Rac8 39. Rd7+ R8c7
40. Qd5+ R1c6 41. Rxc7+ Kxc7 42. Rf5 Qb2 43. Rf7+ Kb6 44. Qxg5 a5 45. Qd8+ 1-0

[Event "7mo Continental de las Americas - 2012"]
[Site "Complejo Hotel Provincial - S"]
[Date "2012.10.13"]
[Round "2.71"]
[White "March, Diego"]
[Black "Vazquez, Maximiliano"]
[Result "0-1"]
[WhiteElo "1822"]
[BlackElo "2112"]
[PlyCount "76"]
[EventDate "2012.10.12"]

1. d4 Nf6 2. c4 e6 3. Nc3 Bb4 4. e3 c5 5. Nge2 cxd4 6. exd4 O-O 7. a3 Be7 8.
Nf4 d5 9. cxd5 Nxd5 10. Nfxd5 exd5 11. Be2 Nc6 12. Bf3 Be6 13. O-O Rc8 14. Re1
Bf6 15. Be3 Na5 16. Rc1 Nc4 17. Qe2 Qd7 18. Qc2 Rc6 19. Be2 Bf5 20. Qa4 Nxb2
21. Qb5 Nc4 22. Qxd5 Nxe3 23. Qxd7 Bxd7 24. fxe3 Rfc8 25. Na2 Rc2 26. Rxc2 Rxc2
27. Nb4 Rc3 28. Bf3 Bh4 29. g3 Bg5 30. Kf2 b5 31. h4 Be7 32. Ra1 a5 33. Nd5
Rc2+ 34. Kg1 Bd6 35. Nf4 h6 36. a4 b4 37. Bd1 Rd2 38. Kf1 g5 0-1

[Event "7mo Continental de las Americas - 2012"]
[Site "Complejo Hotel Provincial - S"]
[Date "2012.10.14"]
[Round "3.21"]
[White "Tobares, Leandro"]
[Black "Real De Azua, Ernesto"]
[Result "0-1"]
[WhiteElo "2261"]
[BlackElo "2482"]
[PlyCount "120"]
[EventDate "2012.10.12"]

1. c4 Nf6 2. Nc3 g6 3. g3 Bg7 4. Bg2 O-O 5. e3 d6 6. Nge2 e5 7. O-O Re8 8. d3
c6 9. e4 a6 10. h3 b5 11. a3 Nbd7 12. f4 exf4 13. cxb5 f3 14. Bxf3 Qb6+ 15. Kg2
axb5 16. Bg5 h6 17. Bf4 Ne5 18. Qd2 b4 19. Nd1 bxa3 20. Rxa3 Rxa3 21. bxa3 Ba6
22. Nc1 d5 23. exd5 Nxf3 24. Rxf3 Nxd5 25. Ne2 g5 26. Be3 Qb3 27. Bc5 Bc8 28.
Nf2 Be6 29. Ne4 Rd8 30. Nc1 Qb8 31. Qf2 f5 32. Nd2 g4 33. Rxf5 Bxf5 34. Qxf5
Qb2 35. Ncb3 gxh3+ 36. Kxh3 Qf6 37. Qxf6 Nxf6 38. d4 Bf8 39. Bxf8 Rxf8 40. Na5
Rc8 41. Ndc4 Nd5 42. Kg4 c5 43. dxc5 Rxc5 44. Kf3 Nb6 45. Nxb6 Rxa5 46. a4 Ra6
47. Nd5 Rxa4 48. Nf4 Kg7 49. Kg4 Ra5 50. Ne6+ Kf6 51. Nf4 Rg5+ 52. Kh4 Kf5 53.
Nd5 Ke4 54. Nf6+ Kf3 55. Nh5 Rg6 56. Kh3 Rg4 57. Kh2 Rg5 58. Nf4 Rxg3 59. Nh3
Rg2+ 60. Kh1 Rb2 0-1

[Event "7mo Continental de las Americas - 2012"]
[Site "Complejo Hotel Provincial - S"]
[Date "2012.10.14"]
[Round "3.60"]
[White "Caceres Vasquez, Sergio"]
[Black "Arias, Juan Cruz"]
[Result "1/2-1/2"]
[WhiteElo "2213"]
[BlackElo "1899"]
[PlyCount "53"]
[EventDate "2012.10.12"]

1. d4 e6 2. c4 Nf6 3. Nc3 Bb4 4. e3 b6 5. Nge2 Ne4 6. Qc2 Bb7 7. a3 Bxc3+ 8.
Nxc3 f5 9. Bd3 Nxc3 10. Qxc3 O-O 11. O-O d6 12. f3 Nd7 13. Bd2 Qe7 14. Qc2 Rae8
15. b4 c5 16. a4 cxd4 17. exd4 Qf6 18. Bc3 Qg5 19. a5 e5 20. axb6 axb6 21. Ra7
Rb8 22. dxe5 Qe3+ 23. Kh1 Nxe5 24. Bxe5 Qxe5 25. Raa1 Rbe8 26. Qd2 Qd4 27. Rae1
1/2-1/2

[Event "7mo Continental de las Americas - 2012"]
[Site "Complejo Hotel Provincial - S"]
[Date "2012.10.15"]
[Round "5.36"]
[White "Sperb, Eduardo Quintana"]
[Black "Viana, Dirceu"]
[Result "0-1"]
[WhiteElo "2040"]
[BlackElo "2275"]
[PlyCount "94"]
[EventDate "2012.10.12"]

1. e4 e5 2. Nf3 Nc6 3. Bb5 a6 4. Bxc6 dxc6 5. d4 exd4 6. Qxd4 Qxd4 7. Nxd4 Bd7
8. Be3 O-O-O 9. Nc3 Bb4 10. Nde2 Ne7 11. O-O-O Ng6 12. a3 Bd6 13. Na4 Kb8 14.
Nc5 Bc8 15. f3 Rhe8 16. Nc3 f6 17. Nd3 b6 18. Ne2 c5 19. Ndf4 Nxf4 20. Bxf4 Kb7
21. Bg3 Kc6 22. Rd2 Be7 23. Rxd8 Rxd8 24. Rd1 Bd6 25. Nf4 Re8 26. Nh5 Re7 27.
Re1 Bd7 28. Nf4 b5 29. Nd5 Re8 30. Nf4 a5 31. Nh5 Re7 32. Rd1 Be8 33. Nf4 Bd7
34. Ne2 Be8 35. a4 b4 36. b3 f5 37. Bxd6 cxd6 38. Ng3 fxe4 39. fxe4 Bg6 40. Re1
h5 41. Kd2 h4 42. Nf1 Rxe4 43. g3 hxg3 44. hxg3 d5 45. Ne3 Kd6 46. Kd1 Ke5 47.
Ke2 Kd4 0-1

[Event "7mo Continental de las Americas - 2012"]
[Site "Complejo Hotel Provincial - S"]
[Date "2012.10.15"]
[Round "5.52"]
[White "Bouwman, Marcelo Wanderley"]
[Black "Evans, Pablo"]
[Result "1-0"]
[WhiteElo "2233"]
[BlackElo "2017"]
[PlyCount "93"]
[EventDate "2012.10.12"]

1. e4 b6 2. d4 Bb7 3. Nc3 e6 4. Bd3 Bb4 5. Nge2 c5 6. Be3 c4 7. Bxc4 Bxe4 8.
O-O Nf6 9. Bg5 Bb7 10. d5 Qc7 11. Qd3 Ng4 12. Bf4 Ne5 13. Qg3 Qxc4 14. Bxe5 Na6
15. b3 Qc5 16. Bxg7 Rg8 17. Ne4 Qxc2 18. Nf6+ Ke7 19. Nxg8+ Rxg8 20. Nf4 Qf5
21. Qh4+ Ke8 22. Nh5 Be7 23. Bf6 Bxd5 24. f3 Bxf3 25. Rf2 Rg4 26. Bxe7 Rxh4 27.
Ng7+ Kxe7 28. Nxf5+ exf5 29. Rxf3 Kf6 30. Raf1 Rh5 31. g4 Rg5 32. Rxf5+ Rxf5
33. Rxf5+ Kg6 34. Rd5 Nb4 35. Rd2 f6 36. a3 Na6 37. b4 Nb8 38. b5 Kf7 39. Rc2
d5 40. Rc7+ Ke6 41. Rxh7 Nd7 42. Rxd7 Kxd7 43. Kf2 Ke6 44. Ke3 Ke5 45. h4 d4+
46. Kd3 Kf4 47. h5 1-0

[Event "7mo Continental de las Americas - 2012"]
[Site "Complejo Hotel Provincial - S"]
[Date "2012.10.16"]
[Round "6.31"]
[White "Ferro, Ezequiel"]
[Black "Leiva, Giuseppe"]
[Result "1/2-1/2"]
[WhiteElo "2214"]
[BlackElo "2321"]
[PlyCount "115"]
[EventDate "2012.10.12"]

1. d4 Nf6 2. c4 e6 3. Nc3 Bb4 4. e3 O-O 5. Nge2 d5 6. a3 Be7 7. cxd5 exd5 8. g3
c6 9. Bg2 Na6 10. O-O Nc7 11. f3 c5 12. dxc5 Bxc5 13. b4 Be7 14. Nf4 b6 15. Rf2
Bb7 16. Rd2 a5 17. Rb1 axb4 18. axb4 Qb8 19. g4 Bd6 20. Nce2 Ne6 21. Rc2 Rd8
22. Nxe6 fxe6 23. h3 e5 24. Ng3 g6 25. g5 Ne8 26. h4 Ng7 27. Rd2 Qc7 28. Qb3
Qc4 29. Qxc4 dxc4 30. Ne4 Be7 31. f4 Rxd2 32. Bxd2 Ra2 33. Nf6+ Bxf6 34. Bxb7
Rxd2 35. gxf6 c3 36. Be4 c2 37. Bxc2 Rxc2 38. fxg7 exf4 39. exf4 Kxg7 40. h5
gxh5 41. Rd1 Rc4 42. Rd7+ Kg8 43. f5 Rxb4 44. Rb7 Rb2 45. f6 h6 46. Kf1 h4 47.
Kg1 h3 48. Kh1 b5 49. Kg1 b4 50. Kh1 b3 51. Kg1 Rg2+ 52. Kh1 Rb2 53. Kg1 h2+
54. Kh1 Kf8 55. Rh7 Kg8 56. Rg7+ Kh8 57. Rg8+ Kxg8 58. f7+ 1/2-1/2

[Event "7mo Continental de las Americas - 2012"]
[Site "Complejo Hotel Provincial - S"]
[Date "2012.10.17"]
[Round "7.16"]
[White "Estrada Nieto, Julian"]
[Black "Roselli Mailhe, Bernardo"]
[Result "1/2-1/2"]
[WhiteElo "2310"]
[BlackElo "2430"]
[PlyCount "120"]
[EventDate "2012.10.12"]

1. e4 e6 2. d4 d5 3. Nd2 c5 4. exd5 exd5 5. Ngf3 Nc6 6. Bb5 Bd6 7. dxc5 Bxc5 8.
O-O Nge7 9. Nb3 Bd6 10. Bg5 O-O 11. Bh4 Re8 12. Re1 Bg4 13. Bg3 Bxg3 14. hxg3
Qb6 15. Bd3 h6 16. Qd2 Rad8 17. Qf4 Bxf3 18. Qxf3 Nb4 19. a3 Nxd3 20. Qxd3 Nc6
21. Rad1 Re4 22. Qc3 Rc4 23. Qd3 Re4 24. Qc3 Rc4 25. Qd3 a5 26. Nd2 Rd4 27. Qb3
Qa6 28. c3 a4 29. Qc2 Rg4 30. Nf3 Qb6 31. Rxd5 Rf8 32. Ne5 Nxe5 33. Rdxe5 Rxg3
34. Rb5 Qg6 35. Qxg6 Rxg6 36. Rxb7 Rd8 37. Re4 Ra6 38. g3 h5 39. Kg2 g6 40. Re3
Kg7 41. Rf3 Rf6 42. Rxf6 Kxf6 43. Kf3 Rd2 44. Ke3 Rc2 45. Rb4 g5 46. Rxa4 Rxb2
47. Rb4 Rc2 48. Rc4 h4 49. gxh4 gxh4 50. Kf3 h3 51. Kg3 h2 52. Kxh2 Rxf2+ 53.
Kg3 Ra2 54. a4 Kg5 55. Kf3 f5 56. Ke3 Ra1 57. Rb4 Ra3 58. Rc4 Ra1 59. Rb4 Ra3
60. Rc4 Ra1 1/2-1/2

[Event "7mo Continental de las Americas - 2012"]
[Site "Complejo Hotel Provincial - S"]
[Date "2012.10.17"]
[Round "7.25"]
[White "Palmiotto, Marco Ivan"]
[Black "De Dovitiis, Alejo"]
[Result "1/2-1/2"]
[WhiteElo "1985"]
[BlackElo "2348"]
[PlyCount "136"]
[EventDate "2012.10.12"]

1. e4 c5 2. Nf3 e6 3. d3 d5 4. Nbd2 Nc6 5. g3 g6 6. Bg2 Bg7 7. O-O Nge7 8. Re1
b6 9. h4 h6 10. c3 d4 11. Qc2 e5 12. a4 Be6 13. Rb1 Rc8 14. Nc4 a6 15. Na3 O-O
16. Qe2 Ba2 17. Ra1 Bb3 18. Nc4 b5 19. axb5 axb5 20. Ncd2 Be6 21. Bf1 Qd7 22.
Kh2 Rfd8 23. cxd4 cxd4 24. Rd1 Nb4 25. Ne1 Ra8 26. Rxa8 Rxa8 27. Nb1 Bb3 28.
Na3 Rc8 29. Bh3 f5 30. Bd2 Bxd1 31. Qxd1 Na6 32. h5 b4 33. Nc4 g5 34. exf5 Nxf5
35. Qa1 Rc6 36. Qa4 Nb8 37. Qxb4 Na6 38. Qb5 Rc7 39. Qxa6 Qf7 40. Qa8+ Bf8 41.
Nxe5 Qxh5 42. g4 Qh4 43. gxf5 Qxf2+ 44. Qg2 Qxg2+ 45. Bxg2 Bd6 46. N1f3 g4 47.
Kg1 gxf3 48. Nxf3 Rb7 49. Nxd4 Rxb2 50. Be3 Bc5 51. Bd5+ Kh7 52. Be4 Kg8 53.
Kf1 Kf7 54. Ke1 Kf6 55. Kd1 Bb6 56. Nc2 Bxe3 57. Nxe3 h5 58. Ke1 h4 59. Kf1 h3
60. Nd5+ Ke5 61. Ne3 Kf4 62. Nd5+ Ke5 63. Kg1 Ra2 64. f6 Ke6 65. Nf4+ Kxf6 66.
Nxh3 Ke5 67. Nf2 Kd4 68. Ng4 Rd2 1/2-1/2

[Event "7mo Continental de las Americas - 2012"]
[Site "Complejo Hotel Provincial - S"]
[Date "2012.10.18"]
[Round "8.48"]
[White "Viana, Dirceu"]
[Black "Bulgarini Torre, Marco"]
[Result "1-0"]
[WhiteElo "2275"]
[BlackElo "1977"]
[PlyCount "75"]
[EventDate "2012.10.12"]

1. e4 e6 2. d4 d5 3. Nc3 Bb4 4. Nge2 Nc6 5. a3 Ba5 6. Be3 dxe4 7. b4 Bb6 8.
Nxe4 Nge7 9. c4 a6 10. c5 Ba7 11. N4c3 O-O 12. g3 Nd5 13. Bg2 Nce7 14. O-O c6
15. Qd2 Bb8 16. Rad1 Bd7 17. Nf4 Nc7 18. Nd3 f6 19. Rfe1 Be8 20. Ne4 Ncd5 21.
Nf4 Bxf4 22. Bxf4 a5 23. Nc3 axb4 24. axb4 Bf7 25. Ne4 Nc8 26. Ra1 Rxa1 27.
Rxa1 Nxf4 28. gxf4 e5 29. dxe5 Qxd2 30. Nxd2 Rd8 31. Ne4 fxe5 32. fxe5 Rd4 33.
Ra8 Rd1+ 34. Bf1 Be6 35. Ng5 Bf5 36. e6 g6 37. Rxc8+ Kg7 38. e7 1-0

[Event "7mo Continental de las Americas - 2012"]
[Site "Complejo Hotel Provincial - S"]
[Date "2012.10.18"]
[Round "8.65"]
[White "Ferreira, Kleber Victor"]
[Black "Perez Wertheim, Rodolfo"]
[Result "1-0"]
[WhiteElo "2121"]
[BlackElo "2015"]
[PlyCount "135"]
[EventDate "2012.10.12"]

1. e4 e5 2. Nc3 Nf6 3. Bc4 Nc6 4. d3 Bb4 5. Bg5 h6 6. Bh4 g5 7. Bg3 d6 8. Nge2
Be6 9. a3 Ba5 10. b4 Bb6 11. Nd5 Bxd5 12. exd5 Ne7 13. Bb5+ Kf8 14. c4 Nf5 15.
h3 Nh5 16. Bh2 Qf6 17. O-O Rd8 18. Nc3 Nf4 19. Ne4 Qg6 20. c5 dxc5 21. bxc5 Ba5
22. Bc4 h5 23. Bxf4 gxf4 24. Kh1 Nh4 25. Rg1 f5 26. Nd2 e4 27. g3 Qf6 28. Nb3
Bc3 29. gxh4 Qxh4 30. Qf1 Bxa1 31. Nxa1 f3 32. dxe4 Re8 33. d6 cxd6 34. cxd6
Rxe4 35. d7 Rg4 36. Nc2 Rd4 37. Ne1 Rxd7 38. Nxf3 Qe4 39. Qg2 Qxc4 40. Ne5 Qd5
41. Ng6+ Kg7 42. Qxd5 Rxd5 43. Ne7+ Kf6 44. Nxd5+ Ke5 45. Ne7 Rd8 46. Ng6+ Ke4
47. Re1+ Kf3 48. Re3+ Kxf2 49. Rb3 b6 50. Nh4 Rd5 51. Rf3+ Ke2 52. Kg2 Kd2 53.
Nxf5 Kc1 54. Kg3 Kb2 55. Kh4 a5 56. Kxh5 a4 57. Kg6 b5 58. h4 b4 59. axb4 a3
60. h5 Rb5 61. h6 Rxb4 62. h7 Rb6+ 63. Kf7 Rb8 64. Nd4 Ra8 65. Nb3 a2 66. Kg7
Ra3 67. h8=Q Rxb3 68. Rxb3+ 1-0

[Event "7mo Continental de las Americas - 2012"]
[Site "Complejo Hotel Provincial - S"]
[Date "2012.10.19"]
[Round "9.34"]
[White "Estrada Nieto, Julian"]
[Black "Gascon, Jose Rafael"]
[Result "1/2-1/2"]
[WhiteElo "2310"]
[BlackElo "2206"]
[PlyCount "60"]
[EventDate "2012.10.12"]

1. e4 c5 2. Nf3 d6 3. Bb5+ Nd7 4. d4 Ngf6 5. Nc3 cxd4 6. Qxd4 e5 7. Qd3 h6 8.
Be3 Be7 9. a4 O-O 10. O-O Qc7 11. Rfd1 Nc5 12. Bxc5 Qxc5 13. Bc4 Be6 14. Nd5
Nxd5 15. Bxd5 Rab8 16. Qb3 Bg4 17. Rd3 Qa5 18. h3 Bd7 19. Qa3 Qd8 20. Nd2 Kh8
21. Qb3 b5 22. a5 Be8 23. Rf3 Bg5 24. Nf1 Qe7 25. Qb4 g6 26. Rd1 f5 27. Bb3 Bc6
28. Bd5 Be8 29. Bb3 Bc6 30. Bd5 Be8 1/2-1/2

[Event "7mo Continental de las Americas - 2012"]
[Site "Complejo Hotel Provincial - S"]
[Date "2012.10.19"]
[Round "9.57"]
[White "Arango, Andres Mauricio"]
[Black "Evans, Pablo"]
[Result "1/2-1/2"]
[WhiteElo "2140"]
[BlackElo "2017"]
[PlyCount "70"]
[EventDate "2012.10.12"]

1. e4 b6 2. d4 Bb7 3. Nc3 e6 4. Bd3 Bb4 5. Nge2 Nf6 6. e5 Ne4 7. O-O Nxc3 8.
bxc3 Ba5 9. Ba3 Qg5 10. f3 h5 11. Rf2 Nc6 12. f4 Qh6 13. f5 exf5 14. Bxf5 g5
15. Be4 h4 16. Bd5 Rh7 17. Qd3 O-O-O 18. Bxf7 g4 19. Bc1 Qg7 20. Bg6 g3 21. Rf7
gxh2+ 22. Kxh2 Qxf7 23. Bxf7 Rxf7 24. Be3 Rg8 25. Rg1 Ne7 26. Nf4 Rg3 27. Qc4
Rf8 28. Bd2 Bxc3 29. Bxc3 Rxf4 30. e6 Rfg4 31. exd7+ Kxd7 32. Be1 Bd5 33. Qa4+
Bc6 34. Qb4 Rg5 35. Bxg3 hxg3+ {Ilegible} 1/2-1/2

[Event "7mo Continental de las Americas - 2012"]
[Site "Complejo Hotel Provincial - S"]
[Date "2012.10.20"]
[Round "10.6"]
[White "Tristan, Leonardo"]
[Black "Mareco, Sandro"]
[Result "1/2-1/2"]
[WhiteElo "2442"]
[BlackElo "2581"]
[PlyCount "70"]
[EventDate "2012.10.12"]

1. d4 Nf6 2. c4 e6 3. Nc3 Bb4 4. Qc2 O-O 5. e4 d5 6. e5 Ne4 7. Bd3 c5 8. Nge2
cxd4 9. Nxd4 Nd7 10. Bf4 Ndc5 11. O-O Bxc3 12. bxc3 Bd7 13. Be2 Na4 14. cxd5
exd5 15. Rab1 b6 16. Rb3 Qh4 17. g3 Qe7 18. f3 Nec5 19. Ra3 a6 20. c4 dxc4 21.
Bxc4 Rac8 22. Nf5 Bxf5 23. Qxf5 b5 24. Bg5 Qa7 25. Be3 Qc7 26. Bb3 Rfe8 27. f4
Nxb3 28. axb3 Qc3 29. Qe4 Rcd8 30. Rc1 Qb2 31. Rca1 Qe2 32. bxa4 Rd2 33. Qc6
Qxh2+ 34. Kf1 Qe2+ 35. Kg1 Qh2+ 1/2-1/2

[Event "7mo Continental de las Americas - 2012"]
[Site "Complejo Hotel Provincial - S"]
[Date "2012.10.21"]
[Round "11.12"]
[White "Abdalla, Luiz Guilherme Aure"]
[Black "Ricardi, Pablo"]
[Result "0-1"]
[WhiteElo "2316"]
[BlackElo "2505"]
[PlyCount "92"]
[EventDate "2012.10.12"]

1. d4 Nf6 2. c4 e6 3. Nc3 Bb4 4. Qc2 c5 5. dxc5 Na6 6. a3 Bxc3+ 7. Qxc3 Nxc5 8.
Nf3 b6 9. b4 Nce4 10. Qb3 Ng4 11. Be3 Bb7 12. Bd4 O-O 13. h3 Nh6 14. e3 Nf5 15.
Bb2 d5 16. Rd1 Rc8 17. Be2 dxc4 18. Bxc4 Qc7 19. Rc1 Qe7 20. Ke2 Nh4 21. Rhd1
Nxf3 22. gxf3 Ng5 23. e4 Nxh3 24. Qc3 Qg5 25. Qe5 Qxe5 26. Bxe5 Rxc4 27. Rxc4
Ba6 28. Rdc1 Rc8 29. Kd3 f6 30. Bg3 e5 31. a4 Nf4+ 32. Bxf4 Bxc4+ 33. Rxc4 Rxc4
34. Kxc4 exf4 35. Kb5 h5 36. Ka6 h4 37. Kxa7 h3 38. Kxb6 h2 39. a5 h1=Q 40. b5
Qxf3 41. Ka7 Qxf2+ 42. b6 Qc5 43. a6 f3 44. Kb7 f2 45. a7 Qe7+ 46. Kb8 f1=Q 0-1

[Event "7mo Continental de las Americas - 2012"]
[Site "Complejo Hotel Provincial - S"]
[Date "2012.10.21"]
[Round "11.28"]
[White "Tokman, Ariel"]
[Black "Paniagua Chnelik, Sebastian"]
[Result "1-0"]
[WhiteElo "2283"]
[BlackElo "2204"]
[PlyCount "119"]
[EventDate "2012.10.12"]

1. c4 e5 2. g3 Nf6 3. Bg2 c6 4. Nf3 e4 5. Nd4 Qb6 6. e3 d5 7. cxd5 cxd5 8. d3
Bb4+ 9. Nc3 Nc6 10. Nde2 Ne5 11. dxe4 dxe4 12. O-O Bxc3 13. Nxc3 O-O 14. Qd4
Nf3+ 15. Bxf3 exf3 16. Qxb6 axb6 17. e4 Re8 18. Re1 Bf5 19. e5 Nd7 20. Bf4 h6
21. h4 f6 22. exf6 Nxf6 23. Be5 Ng4 24. Bd4 b5 25. Nxb5 Rxe1+ 26. Rxe1 Rxa2 27.
Nd6 Bd3 28. Nxb7 Ra6 29. Nc5 Rd6 30. Bc3 Be2 31. Nb3 g5 32. h5 Bc4 33. Nd4 Bd5
34. Nf5 Rd7 35. Ra1 Be6 36. Nd4 Bd5 37. Rd1 Bb7 38. Rd2 Re7 39. Rd3 Rf7 40. Ne6
Re7 41. Nc5 Bc6 42. Rd4 Ne5 43. Rd6 Be8 44. Rxh6 Ng4 45. Rh8+ Kf7 46. Rh7+ Kf8
47. Rxe7 Kxe7 48. Ne4 Bxh5 49. Nxg5 Nh6 50. Kf1 Kd6 51. Ke1 Kd5 52. Nh7 Bf7 53.
Kd2 Nf5 54. Nf6+ Ke6 55. g4 Nh4 56. Ke3 Bg6 57. Kf4 Ng2+ 58. Kxf3 Ne1+ 59. Bxe1
Kxf6 60. Ke3 1-0

[Event "7mo Continental de las Americas - 2012"]
[Site "Complejo Hotel Provincial - S"]
[Date "2012.10.21"]
[Round "11.34"]
[White "Diaz Hollemaert, Nahuel"]
[Black "Martinez De Negri, Gonzalo"]
[Result "1-0"]
[WhiteElo "2408"]
[BlackElo "2123"]
[PlyCount "89"]
[EventDate "2012.10.12"]

1. Nf3 Nf6 2. c4 g6 3. b4 Bg7 4. Bb2 O-O 5. g3 b6 6. Bg2 Bb7 7. O-O c5 8. a3
Na6 9. Qb3 Rc8 10. d3 d6 11. Nc3 Qc7 12. e4 e6 13. Nd2 Rfd8 14. Bh3 Ra8 15.
Rae1 Nd7 16. f4 Nf8 17. f5 Bd4+ 18. Kh1 Bxc3 19. Qxc3 e5 20. Nf3 f6 21. fxg6
hxg6 22. b5 Nb8 23. Nh4 Qg7 24. Rf2 Bc8 25. Bxc8 Rxc8 26. Qd2 Nbd7 27. Qe2 Re8
28. Qg4 Re7 29. Ref1 Kf7 30. Bc1 Ke8 31. Ng2 Ne6 32. Ne3 Nc7 33. h4 Qh7 34. Rh2
Rg7 35. h5 gxh5 36. Rxh5 Rxg4 37. Rxh7 Rg8 38. Nf5 Kd8 39. Kg2 Ne6 40. Nh6 Rg6
41. Nf5 Kc7 42. Ne7 Rag8 43. Nxg8 Rxg8 44. Rxf6 Nef8 45. Rhf7 1-0

[Event "7mo Continental de las Americas - 2012"]
[Site "Complejo Hotel Provincial - S"]
[Date "2012.10.21"]
[Round "11.39"]
[White "Nina, Miguel Angel"]
[Black "Crespo, Eugenio"]
[Result "1/2-1/2"]
[WhiteElo "2298"]
[BlackElo "2076"]
[PlyCount "130"]
[EventDate "2012.10.12"]

1. d4 Nf6 2. c4 e6 3. Nf3 d5 4. cxd5 exd5 5. Nc3 c6 6. Bg5 Be7 7. e3 Bf5 8. Bd3
Bxd3 9. Qxd3 Nbd7 10. O-O O-O 11. Rab1 a5 12. Rfe1 Ne4 13. Bxe7 Qxe7 14. a3 Nd6
15. Nd2 Rfe8 16. Na4 b5 17. Nc5 a4 18. Qc3 Nxc5 19. dxc5 Ne4 20. Nxe4 Qxe4 21.
Red1 Re6 22. Rbc1 Rg6 23. g3 Qg4 24. Qd3 Re8 25. Qf1 Re5 26. Rd4 Qd7 27. Qg2
Qe7 28. Rc3 Rge6 29. Qf3 g6 30. Kg2 Kg7 31. Qd1 Re4 32. h3 Qf6 33. Rcd3 Qe7 34.
Qc2 Rxd4 35. Qc3 Ree4 36. Rxd4 Qe5 37. Kf1 f6 38. h4 g5 39. hxg5 fxg5 40. g4
Kg6 41. Qd3 Kf6 42. Ke2 Ke6 43. Kd2 Rxd4 44. Qxd4 Qh2 45. Ke1 Qh1+ 46. Ke2 Qe4
47. Kf1 Qh1+ 48. Ke2 Qe4 49. Kf1 Qf3 50. Ke1 Qh1+ 51. Ke2 Qe4 52. Qh8 Qxg4+ 53.
Kd2 Qh4 54. Qf8 g4 55. Qd6+ Kf5 56. Ke2 Qf6 57. Qf4+ Ke6 58. Qxg4+ Ke7 59. Kf1
h6 60. Qc8 Kf7 61. Qd7+ Kg6 62. Qg4+ Kf7 63. Qd7+ Kg6 64. Qg4+ Kf7 65. Qd7+ Kg6
1/2-1/2